| 000 | 00851cam a22002534a 4500 | ||
|---|---|---|---|
| 001 | 15463180 | ||
| 005 | 20180118050508.0 | ||
| 008 | 080924s2009 nyua b 001 0 eng | ||
| 010 | _a 2008042097 | ||
| 020 | _a9781606230220 (pbk. : alk. paper) | ||
| 020 | _a9781606239087 (pbk. : alk. paper) | ||
| 020 | _a9781606231081 (pbk. : alk. paper) | ||
| 040 |
_aDLC _cDLC _dDLC |
||
| 041 | _aeng | ||
| 080 | _a616.89156 WAL | ||
| 082 | 0 | 0 |
_a616.89156 WAL _222 |
| 100 | _a3 | ||
| 101 | _aSHM | ||
| 245 | 0 | 0 |
_aSpiritual resources in family therapy / _cedited by Froma Walsh. |
| 504 | _aIncludes bibliographical references and index. | ||
| 906 |
_a7 _bcbc _corignew _d1 _eecip _f20 _gy-gencatlg |
||
| 942 |
_2ddc _cBK |
||
| 999 |
_c40456 _d40456 |
||